|
|
|
|
| LEADER |
00000naa2a2200000 4500 |
| 001 |
398293 |
| 005 |
20231101065029.0 |
| 035 |
|
|
|a (RuTPU)RU\TPU\prd\38322
|
| 090 |
|
|
|a 398293
|
| 100 |
|
|
|a 20050922a2005 k y0rusy50 ca
|
| 101 |
0 |
|
|a rus
|
| 102 |
|
|
|a RU
|
| 200 |
1 |
|
|a Принципы построения концетратомеров для систем контроля параметров эмульсий и суспензий
|f В. С. Фетисов
|
| 225 |
1 |
|
|a Измерения, контроль, диагностика
|
| 320 |
|
|
|a Библиогр.: 21 назв.
|
| 461 |
|
0 |
|0 (RuTPU)RU\TPU\prd\1687
|t Приборы и системы. Управление, контроль, диагностика
|o научно-технический и производственный журнал
|d 2000-
|
| 463 |
|
0 |
|0 (RuTPU)RU\TPU\prd\30998
|t № 11
|v С. 42-46
|d 2004
|
| 610 |
1 |
|
|a средства измерений
|
| 610 |
1 |
|
|a эмульсии
|
| 610 |
1 |
|
|a концентрация
|
| 610 |
1 |
|
|a суспензии
|
| 610 |
1 |
|
|a метрологическая надежность
|
| 610 |
1 |
|
|a концентратометры
|
| 610 |
1 |
|
|a достоверность
|
| 610 |
1 |
|
|a технологические измерения
|
| 700 |
|
1 |
|a Фетисов
|b В. С.
|
| 801 |
|
1 |
|a RU
|b 63413507
|c 20050922
|g PSBO
|
| 801 |
|
2 |
|a RU
|b 63413507
|c 20121009
|g RCR
|
| 942 |
|
|
|c BK
|